000 00986nam a22002657a 4500
001 4652
003 FISKH
005 20240919083404.0
008 240919b cb ||||| |||| 00| 0 eng d
020 _a9780545156639
040 _aFISKH
_beng
_cFISKH
_dFISKH
050 _aE444.T82
082 _2973.7
100 _aB.Allen, Thomas
_d(1929–2018)
245 _aHarriet Tubman, Secret agent how daring slaves and free blacks spied for the union during the civil war /
_cThomas B. Allen Featuring illustrations by Carla Bauer
250 _a2006
260 _aNew York :
_bScholastic,
_c2006.
300 _a191 pages :
_billustrations ;
_c20cm
520 _aTells the story of Harriet Tubman and other slaves and free African-Americans who risked death to gather information about the Confederacy for the Union during the Civil War.
650 _2Non-fiction
_aSlavery
650 _2Civil War
_aFreedom
700 _aBauer, Carla
_dIllustrator
942 _2ddc
_cBK
_n0
999 _c4652
_d4652